Can You Name All The Characteristics Of Penny From Brawl Stars? - Statistics

General Stats
  • This quiz has been taken 2 times
  • The average score is 7 of 15
Answer Stats
Hint Answer % Correct
Buffies No
100%
Trait No
100%
Trio Pirates
100%
Rarity Super Rare
100%
Class Controller
50%
Star Power Heavy Coffers
50%
Star Power Master Blaster
50%
Prestige Title Rebel
50%
Title Salty
50%
Gadgets Salty Barrel
50%
Voice Actor Maria Arteaga
0%
Hypercharge New Lobber
0%
Super Old Lobber
0%
Attack Plunderbuss
0%
Gadgets Trusty Spyglass
0%
No matching quizzes found
Score Distribution
Percent of People with Each Score
Percentile by Number Answered
Your Score History
You have not taken this quiz